Каныбек. [Кн. 1 (Запись № 8441923)

Подробности
000 -МАРКЕР
контрольное поле 01015nam2a22002411 4500
001 - ИДЕНТИФИКАТОР ЗАПИСИ
контрольное поле rc\4398031
005 - ИДЕНТИФИКАТОР ВЕРСИИ
контрольное поле 20250612072131.0
035 ## - ДРУГИЕ СИСТЕМНЫЕ НОМЕРА
Идентификатор записи (NLR Aleph) 008556989
100 ## - ДАННЫЕ ОБЩЕЙ ОБРАБОТКИ
Данные общей обработки 20130416d1962 |||y0rusy50 ca
101 1# - ЯЗЫК РЕСУРСА
Язык текста, звукозаписи и т.д. русский
Язык оригинала киргизский
102 ## - СТРАНА ПУБЛИКАЦИИ ИЛИ ПРОИЗВОДСТВА
Страна публикации Российская Федерация
105 ## - ПОЛЕ КОДИРОВАННЫХ ДАННЫХ: ТЕКСТОВЫЕ МАТЕРИАЛЫ, МОНОГРАФИЧЕСКИЕ
Кодированные данные о монографическом текстовом документе a z |||||
200 0# - ЗАГЛАВИЕ И СВЕДЕНИЯ ОБ ОТВЕТСТВЕННОСТИ
Основное заглавие [Кн. 1
Первые сведения об ответственности Пер. В.П. Горячих]
210 ## - ПУБЛИКАЦИЯ, РАСПРОСТРАНЕНИЕ И ДР.
Место издания, распространения и т.д. Фрунзе
Имя издателя, распространителя и т. д. Киргизгосиздат
Дата издания, распространения и т.д. 1962]
215 ## - ФИЗИЧЕСКАЯ ХАРАКТЕРИСТИКА
Специфическое обозначение материала и объем 412 с.
Другие сведения о физической характеристике ил.
461 #0 - УРОВЕНЬ НАБОРА
Встроенное поле 001rc\4398030
-- 2001#$aКаныбек$e[Роман$eПер. с кирг.$fИл.: Л.А. Ильина. Кн. 1-2$v[Кн. 1
-- 700#1$aДжантошев$bК.$f1904-1968$gКасымалы
Системный номер (АБИС) связанной записи 8441919
Автор Джантошев, К. (1904-1968)
Место публикации Фрунзе
Дата публикации 1962]
Первые сведения об ответственности Ил.: Л.А. Ильина. Кн. 1-2
Имя издателя, распространителя и т.д. Киргизгосиздат
Сведения, относящиеся к заглавию [Роман : Пер. с кирг.
Физическая характеристика 2 т.
Заглавие Каныбек
Номер тома [Кн. 1
702 #1 - ИМЯ ЛИЦА - ВТОРИЧНАЯ ОТВЕТСТВЕННОСТЬ
Начальный элемент ввода Горячих
Часть имени, кроме начального элемента ввода В.П.
Код отношения Переводчик
801 #0 - ИСТОЧНИК ЗАПИСИ
Страна Российская Федерация
Организация NLR
Правила каталогизации psbo
801 #1 - ИСТОЧНИК ЗАПИСИ
Страна Российская Федерация
Организация ELAR
Источник данных rusmarc
852 ## - МЕСТОНАХОЖДЕНИЕ И ШИФР ХРАНЕНИЯ
Идентификатор организации NLR
Шифр хранения (Call Number) 62-3/1576
942 ## - ДОПОЛНИТЕЛЬНЫЕ ЭЛЕМЕНТЫ ЗАПИСИ (АБИС)
Тип экземпляра АБИС Книга
980 ## - КОЛЛЕКЦИЯ
Название коллекции Национальная библиография
Экземпляры
Тип экземпляра Дата поступления Библиотека постоянного хранения Библиотека текущего хранения Место хранения Шифр хранения Штрих-код Статус экземпляра
Книга 26.10.2013 РНБ (Московский) РНБ (Московский) Русский книжный фонд: издания с 1957 года 62-3/1576 8556989-10